The Bernard Faust collection of the United States 1863-68 Black Jack issue (Record no. 2993)

000 -LEADER
fixed length control field 00463nam a22000977a 4500
008 - FIXED-LENGTH DATA ELEMENTS--GENERAL INFORMATION
fixed length control field 190429b ||||| |||| 00| 0 eng d
100 ## - MAIN ENTRY--AUTHOR'S NAME
Author's Name Robert A. Siegel Auction Galleries
245 ## - TITLE STATEMENT
Title The Bernard Faust collection of the United States 1863-68 Black Jack issue
260 ## - PUBLICATION, DISTRIBUTION, ETC. (IMPRINT)
Name of publisher, distributor, etc. Robert A. Siegel Auction Galleries
Date of publication, distribution, etc. 2018
650 ## - TOPICAL TERM (Tag)
Topical term or geographic name United States | 1863-1868 | Black Jack Issues | Topical Collecting -- Presidents | Jackson, Andrew | Faust, Bernard -- Collections | Auctions
Holdings
Withdrawn status Lost status Source of classification or shelving scheme Damaged status Koha normalized classification for sorting Not for loan Permanent Location Current Location Shelving location Date acquired Total Checkouts Full call number Barcode Date last seen Copy number Price effective from Koha item type
        G3701 D313 S571   Northern Philatelic Library Northern Philatelic Library General Stacks 04/29/2019   G3701 D313 S571 1005404 04/29/2019 1 04/29/2019 Auction Catalogs
        G3701 D313 S571   Northern Philatelic Library Northern Philatelic Library   12/12/2024   G3701 D313 S571 1006531 12/12/2024   12/12/2024 Auction Catalogs

Powered by Koha